| 000 | 00612nam a2200217 a 4500 | ||
|---|---|---|---|
| 005 | 20210219153235.0 | ||
| 008 | 991125n 000 0 spa u | ||
| 035 | _aUPN01000085272 | ||
| 100 | _aORTIZ-FRANCO, Luis | ||
| 222 | _aEDUCACION MATEMATICA | ||
| 245 | _aLatinos, ingresos y rendimeinto académico en matemáticas : derrota de las probabilidades | ||
| 300 | _a88-101 | ||
| 362 | _a1998 10 (2) | ||
| 653 | 0 | _aALUMNOS | |
| 653 | 0 | _aAMERICA LATINA | |
| 653 | 0 | _aESTADOS UNIDOS DE AMERICA | |
| 653 | 0 | _aMATEMATICA | |
| 653 | 0 | _aRENDIMIENTO ACADEMICO | |
| 904 |
_aAC _b023083 |
||
| 905 | _aArticulo | ||
| 999 |
_c71791 _d71791 |
||